000 00921nas a2200337 4500
001 BR0501694
003 BR-BrBNA
005 20231205105257.0
007 ta
008 230509b bl.|||p| |||| 00| 00por d
040 _aBR-BrBNA
_bpor
_cBiblioteca Nacional de Agricultura
041 _a(Pt)
072 _aH20
100 1 _aReis, A.
100 1 _aBuso, J.A.
245 1 _aLevantamento preliminar de raças de Sphaerotheca fuliginea no Brasil
650 _aMELÃO
650 _aCUCUMIS MELO
650 _aMELANCIA
650 _aCITRULLUS VULGARIS
650 _aABÓBORA
650 _aPEPINO
650 _aCUCUMIS SATIVUS
650 _aFUNGO
650 _aESTUFA
650 _aOÍDIO
650 _aDISTRITO FEDERAL
773 0 _tHorticultura Brasileira (Brazil)
_xISSN 0102-0536
_g(Jul-Sep 2004), v. 22(3) p. 628-631
_wBR0501694
909 _a202311
_bLúcia
_c55
_dLúcia Elande
942 _2AGRIS
_n0
_cANA
999 _c182140
_d182140